| 000 | 00486nam a22001577a 4500 | ||
|---|---|---|---|
| 999 |
_c534901 _d534901 |
||
| 020 | _qHard Cover. | ||
| 082 | _a621.3 | ||
| 100 | _aSaadat, Ahsan | ||
| 245 |
_aSYNCHRONIZATION FOR MIMO OFDM SYSTEMS / _cAhsan Saadat |
||
| 260 |
_aIslamabad : _bCEME - NUST, _c2013. |
||
| 300 |
_axii, 67 p. : ill. ; _c30cm. |
||
| 942 |
_2ddc _cTHE |
||
| 650 |
_aMs Thesis Electrical Engineering _925718 |
||
| 700 |
_aDr. Muhammad Salman. _929314 |
||